000 00483nam a2200193Ia 4500
005 20230327102320.0
008 131103s9999 xx 000 0 und d
020 _a416632009
040 _aLoreto College
041 _aEnglish
082 _a822.91
_bPIN
100 _aPinter, Harold
245 2 _aA slight ache
_b and other plays
_cHarold Pinter
260 _aLondon
_bMethuen & co. ltd
_c1970
300 _a136p.
650 _aEnglish drama
850 _aLCLIB
942 _cBK
999 _c22085
_d72564